| 000 | 00490nam a2200169Ia 4500 | ||
|---|---|---|---|
| 999 |
_c12171 _d12171 |
||
| 003 | OSt | ||
| 005 | 20201015123233.0 | ||
| 008 | 190216s9999||||xx |||||||||||||| ||und|| | ||
| 040 | _coclc | ||
| 082 |
_a891.4337 _bCHA/S |
||
| 100 |
_aChandar, Krishan _95242 |
||
| 245 | 0 |
_aSeven Faces Of London / _cKrishan chandar |
|
| 260 |
_bA Paradise Publication, _c1956. _aNew delhi: |
||
| 300 | _a175p | ||
| 650 | _aNovel | ||
| 942 |
_cBK _2ddc _h891.4337 _iCHA/S _k891.4337 _mCHA/S |
||